[Event "GBR-ch Yates op 105th"]
[Site "Hull"]
[Date "2018.07.27"]
[Round "1"]
[White "Clarke, Gary"]
[Black "McCulloch, Andrew"]
[Result "0-1"]
[WhiteElo "115"]
[BlackElo "1440"]
[PlyCount "34"]
[EventDate "2018.07.27"]
[EventType "swiss"]
[EventRounds "5"]
[EventCountry "ENG"]
[SourceTitle "EXT 2021"]
[Source "ChessBase"]
[SourceDate "2020.10.23"]
[SourceVersion "1"]
[SourceVersionDate "2020.10.23"]
[SourceQuality "1"]

1. d4 Nf6 2. Bf4 g6 3. e3 Bg7 4. Nf3 d6 5. Bd3 0-0 6. Nbd2 Na6 7. 0-0 Nh5 8. Bg5 Nf6 9. h3 e5 10. dxe5 dxe5 11. Nxe5 Re8 12. Nef3 Qd7 13. Bxa6 bxa6 14. Nb3 Qb5 15. Bxf6 Bxf6 16. Qc1 Bb7 17. Nbd2 Bxb2 0-1